Od logických obvodů k mikroprocesorům 1 základy kombinačních a sekvenčních obvodů

Gespeichert in:
Bibliographische Detailangaben
1. Verfasser: Bernard, Jean-Michel
Weitere Verfasser: Hugon, Jean, Corvec, Robert Le
Format: Buch
Sprache:Tschechisch
Veröffentlicht: Praha Státní nakladatelství technické literatury 1982
Tags: Tag hinzufügen
Keine Tags, Fügen Sie das erste Tag hinzu!

MARC

LEADER 00000nam a2200000 4500
001 c118999
005 20041019155213.0
041 0 |a cze 
044 |a CZ 
245 1 0 |a Od logických obvodů k mikroprocesorům 1  |b základy kombinačních a sekvenčních obvodů  |c Jean-Michel Bernard, Jean Hugon, Robert Le Corvec 
264 1 |a Praha  |b Státní nakladatelství technické literatury  |c 1982 
300 |a 204 s. 
100 1 |a Bernard, Jean-Michel 
700 1 |a Hugon, Jean 
700 1 |a Corvec, Robert Le